Piłkarska kariera Łukasza Piszczka. - Statystyki

Ogólne statystyki
  • Ten quiz został rozwiązany 119 razy
  • Średni wynik to 3 z 5
Statystyki odpowiedzi
Lata Drużyna % Poprawnych
2010-2021 Borussia Dortmund
99%
2004-2004 Hertha Berlin
61%
2007-2010 Hertha Berlin
61%
2004-2007 Zagłębie Lubin
55%
? LKS Goczałkowice-Zdrój
29%
Nie znaleziono quizów pasujących do podanych kryteriów
Rozkład punktacji
Procent ludzi z każdym wynikiem
Percentyl według liczby udzielonych odpowiedzi
Twoja historia wyników
Nie rozwiązałeś tego quizu